Online
Catalog

Código civil / (Record no. 42468)

MARC details
000 -CABECERA
campo de control de longitud fija 01023nam a2200277 a 4500
001 - NÚMERO DE CONTROL
campo de control 000042979
005 - FECHA Y HORA DE LA ÚLTIMA TRANSACCIÓN
campo de control 20201002040539.0
008 - DATOS DE LONGITUD FIJA--INFORMACIÓN GENERAL
campo de control de longitud fija 140214s1988 sp 001 0 spa d
020 ## - NÚMERO INTERNACIONAL ESTÁNDAR DEL LIBRO
Número Internacional Estándar del Libro 8430915788
040 ## - FUENTE DE LA CATALOGACIÓN
Centro catalogador/agencia de origen DO-SdBNP
Lengua de catalogación spa
Centro/agencia transcriptor BNPHU
082 ## - NÚMERO DE LA CLASIFICACIÓN DECIMAL DEWEY
Número de clasificación 347.44
Número de documento/Ítem E77c, 1988
110 1# - ENTRADA PRINCIPAL--NOMBRE DE ENTIDAD CORPORATIVA
Nombre de entidad corporativa o nombre de jurisdicción como elemento de entrada España
9 (RLIN) 4524
240 10 - TÍTULO UNIFORME
Título uniforme Código civil, 1988
245 10 - MENCIÓN DE TÍTULO
Título Código civil /
Mención de responsabilidad, etc. edición preparada por César Sempere Rodríguez ; bajo la dirección de Rodrigo Bercovitz Rodríguez-Cano.
250 ## - MENCIÓN DE EDICIÓN
Mención de edición 7a. ed. rev.
260 ## - PUBLICACIÓN, DISTRIBUCIÓN, ETC.
Lugar de publicación, distribución, etc. Madrid :
Nombre del editor, distribuidor, etc. Tecnos,
Fecha de publicación, distribución, etc. 1988.
300 ## - DESCRIPCIÓN FÍSICA
Extensión 689 p. ;
Dimensiones 17 cm.
490 1# - MENCIÓN DE SERIE
Mención de serie Biblioteca de textos legales
Designación de volumen o secuencia 1
500 ## - NOTA GENERAL
Nota general Incluye referencias bibliográficas y notas al pie de las páginas
650 #4 - PUNTO DE ACCESO ADICIONAL DE MATERIA--TÉRMINO DE MATERIA
Término de materia o nombre geográfico como elemento de entrada Derecho civil
Subdivisión general Legislación
Subdivisión geográfica España
9 (RLIN) 4526
650 #4 - PUNTO DE ACCESO ADICIONAL DE MATERIA--TÉRMINO DE MATERIA
Término de materia o nombre geográfico como elemento de entrada Procedimiento civil
Subdivisión general Legislación
Subdivisión geográfica España
9 (RLIN) 70472
650 #4 - PUNTO DE ACCESO ADICIONAL DE MATERIA--TÉRMINO DE MATERIA
Término de materia o nombre geográfico como elemento de entrada Leyes
Subdivisión geográfica España
9 (RLIN) 31523
700 12 - PUNTO DE ACCESO ADICIONAL--NOMBRE DE PERSONA
Nombre de persona Sempere Rodríguez, César
Término indicativo de función/relación ed.
9 (RLIN) 70473
830 #0 - PUNTO DE ACCESO ADICIONAL DE SERIE-TÍTULO UNIFORME
Título uniforme Biblioteca de textos legales ;
Número de parte o sección de la obra 1
9 (RLIN) 70474
910 ## - DATOS DE OPCIÓN DEL USUARIO (OCLC)
Datos de opción del usuario Validado. Control de calidad MFF
Holdings
Estado de retiro Estado de pérdida Restricciones de uso No para préstamo Código de colección Localización permanente Ubicación/localización actual Ubicación en estantería Fecha de adquisición Número de inventario Total de préstamos Signatura topográfica completa Código de barras Fecha visto por última vez Precio válido a partir de Tipo de ítem Koha
      Excluido de préstamo Monografías: Libros y Folletos General General Depósito 14.02.2014 LF1   347.44 E77c, 1988 42979-10 25.06.2020 25.06.2020 No se presta

Powered by Koha